French Verbs #4 Faire (to do) - Statistics

General Stats
  • This quiz has been taken 181 times
    105 since last reset
  • The average score is 7 of 8
Answer Stats
Hint Answer % Correct
I do Je fais
100%
She does Elle fait
95%
He does Il fait
95%
You do (informal,singular) Tu fais
95%
We do Nous faisons
88%
They do (f.) Elles font
63%
They do (m.) Ils font
63%
You do (formal,plural) Vous faites
59%
No matching quizzes found
Score Distribution
Percent of People with Each Score
Percentile by Number Answered
Your Score History
You have not taken this quiz since the last reset